LEADER 00866nam a2200217 4500 001 000000358990 003 CaOOAMICUS 005 20240719102605.0 008 240719s1983 it 000 u ita r 040 $aSeMil$bita 245 00$aCrisi :$ble donne s'interrogano : giornata della donna, 8 marzo 1983. 264 1$aMilano :$bIn Dialogo,$c1983. 300 $a35 p. ;$c20 cm 490 1 $aCollana della luna 500 $aIn testa alla cop.: Gruppo promozione della donna 830 0$aCollana della Luna.$0(OLS)http://semarc/title/21076 850 $aSeMil 852 $aSeMil$W1$xVenegono$y1$m5C IV 10/25$j249468$B250054$CSeMilBibl$Z2$F250054 $81 996 $6245$aCrisi :$ble donne s'interrogano : giornata della donna, 8 marzo 1983$9(OLS)http://semarc/title/449407 996 $6264$aMilano :$bIn Dialogo$9(OLS)http://semarc/publisher/31663 LEADER 01442nam a2200277 i 4500 001 000000361623 003 CaOOAMICUS 005 20250210145807.0 008 250210s2023 it a u000 u ita u 020 $a978-88-314-4537-5 040 $aSeMil$bita 100 1 $aRigon, Antonio,$d<1941- >.$0(OLS)http://semarc/name/28955 245 10$aStudi di storia religiosa ed ecclesiastica padovana :$bsecoli 12.-15. /$cAntonio Rigon ; cura di Donato Gallo. 264 1$aRoma :$bIstituto storico italiano per il Medio Evo,$c2023. 300 $aXXII, 468 p. :$bill. ;$c26 cm 490 1 $aItalia sacra. Studi e documenti di storia ecclesiastica. Nuova serie ;$v7 650 4$aPadova - Storia religiosa.$0(OLS)http://semarc/subject/5118 650 4$aPadova - Storia ecclesiastica - Sec. 12.-15.$0(OLS)http://semarc/subject/57106 700 1 $aGallo, Donato.$0(OLS)http://semarc/name/121473 830 0$aItalia sacra :$bstudi e documenti di storia ecclesiastica. Nuova serie ;$v7.$0(OLS)http://semarc/title/42974 850 $aSeMil 852 $aSeMil$W1$xVenegono$y1$m3TA L 7$j254402$B252577$CSeMilBibl$Z2$F252577 $81 996 $6020$a978-88-314-4537-5$9(OLS)http://semarc/number/302431 996 $6245$aStudi di storia religiosa ed ecclesiastica padovana :$bsecoli 12.-15.$9(OLS)http://semarc/title/452376 996 $6264$aRoma :$bIstituto storico italiano per il Medio Evo$9(OLS)http://semarc/publisher/32000